000 00873nam a2200229 i 4500
001 59544
003 ES-MaACL
005 20230906164043.0
007 t|
008 031029s1923 fr ||||1| fre d
245 0 0 _aEncyclopédie tchecoslovaque /
_ccollection publiée sous la direction de O. Butter et B. Ruml.
260 _aParis :
_b[s.n.,
_c1923] (
_ePrague :
_fImp. Politika)
300 _a3 v. ;
_c24 cm.
505 8 _aContiene: T. I.: Industrie et commerce / redigé par Jaroslav Vesely. -- T. II.: Communications / redigé par Jan Smetana. -- T. IV.: Forets / redigé par Vladislav Brdlik
651 4 _aChecoslovaquia-
_xDescripción.
_9161809
700 1 _aVesely, Jaroslav.
_9114221
700 1 _aSmetana, Jan.
_9106826
700 1 _aBrdlik, Vladislav.
_931532
700 1 _aButter, O.
_932963
700 1 _aRuml, B.
_9100993
852 _aES-MaACL
_jC-7368-70
999 _c59544
_d59544